Mathematical methods in chemical engineering (Record no. 25039)

000 -LEADER
fixed length control field 00548nam a22002051 4500
001 - CONTROL NUMBER
control field 25039
003 - CONTROL NUMBER IDENTIFIER
control field BD-DhUET
008 - FIXED-LENGTH DATA ELEMENTS--GENERAL INFORMATION
fixed length control field 730313s1963 xx 000 0 eng
040 ## - CATALOGING SOURCE
Original cataloging agency DLC
Transcribing agency OClU
Modifying agency BD-DhUET
082 ## - DEWEY DECIMAL CLASSIFICATION NUMBER
Classification number 660.28
Item number JEN/1963
100 ## - MAIN ENTRY--PERSONAL NAME
Personal name Jenson, V. G.
245 10 - TITLE STATEMENT
Title Mathematical methods in chemical engineering
250 ## - EDITION STATEMENT
Edition statement 1st ed.
260 ## - PUBLICATION, DISTRIBUTION, ETC. (IMPRINT)
Place of publication, distribution, etc. London
Name of publisher, distributor, etc. Academic Press
Date of publication, distribution, etc. 1963
300 ## - PHYSICAL DESCRIPTION
Extent xi, 556 p.
Other physical details illus.
Dimensions 24cm.
504 ## - BIBLIOGRAPHY, ETC. NOTE
Bibliography, etc Includes bibliographies
650 #0 - SUBJECT ADDED ENTRY--TOPICAL TERM
Topical term or geographic name as entry element Chemical engineering
700 ## - ADDED ENTRY--PERSONAL NAME
Personal name Jeffreys, G. V.
942 ## - ADDED ENTRY ELEMENTS (KOHA)
Koha item type General Book
Holdings
Location (home branch) Withdrawn status Koha date last seen Koha full call number Date acquired Koha normalized classification for sorting Not for loan Copy number Lost status Piece designation (barcode) Shelving location Price effective from Source of classification or shelving scheme Sublocation or collection (holding branch) Damaged status Koha item type
Central Library, BUET 2015-05-12660.28/JEN/19632015-05-12660_280000000000000_JEN_1963 1 22438Circulation section2015-05-12 Central Library, BUET General Book
Central Library, BUET 2015-05-12660.28/JEN/19632015-05-12660_280000000000000_JEN_1963 2 22440Circulation section2015-05-12 Central Library, BUET General Book
Central Library, BUET 2015-05-12660.28/JEN/19632015-05-12660_280000000000000_JEN_1963 3 22434Circulation section2015-05-12 Central Library, BUET General Book
Central Library, BUET 2015-05-18660.28/JEN/19632015-05-18660_280000000000000_JEN_1963 4 22432Circulation section2015-05-18 Central Library, BUET General Book
Central Library, BUET 2015-05-18660.28/JEN/19632015-05-18660_280000000000000_JEN_1963 5 22435Circulation section2015-05-18 Central Library, BUET General Book
Central Library, BUET 2015-05-18660.28/JEN/19632015-05-18660_280000000000000_JEN_1963 6 29450Circulation section2015-05-18 Central Library, BUET General Book
Central Library, BUET 2015-05-18660.28/JEN/19632015-05-18660_280000000000000_JEN_1963 7 29449Circulation section2015-05-18 Central Library, BUET General Book
Central Library, BUET 2015-05-18660.28/JEN/19632015-05-18660_280000000000000_JEN_1963 8 29448Circulation section2015-05-18 Central Library, BUET General Book
Central Library, BUET 2015-05-18660.28/JEN/19632015-05-18660_280000000000000_JEN_1963 9 29457Circulation section2015-05-18 Central Library, BUET General Book
Central Library, BUET 2015-05-18660.28/JEN/19632015-05-18660_280000000000000_JEN_1963 10 29454Circulation section2015-05-18 Central Library, BUET General Book
Central Library, BUET 2015-05-18660.28/JEN/19632015-05-18660_280000000000000_JEN_1963 11 29453Circulation section2015-05-18 Central Library, BUET General Book
Central Library, BUET 2015-05-18660.28/JEN/19632015-05-18660_280000000000000_JEN_1963 12 29451Circulation section2015-05-18 Central Library, BUET General Book
Central Library, BUET 2015-05-18660.28/JEN/19632015-05-18660_280000000000000_JEN_1963 13 22431Circulation section2015-05-18 Central Library, BUET General Book
Central Library, BUET 2015-05-18660.28/JEN/19632015-05-18660_280000000000000_JEN_1963 14 29452Circulation section2015-05-18 Central Library, BUET General Book
Central Library, BUET 2015-05-18660.28/JEN/19632015-05-18660_280000000000000_JEN_1963 15 22436Circulation section2015-05-18 Central Library, BUET General Book
Central Library, BUET 2015-06-17660.28/JEN/19632015-06-17660_280000000000000_JEN_1963 16 29456Reading section2015-06-17 Central Library, BUET Reading Item
Central Library, BUET 2015-06-18660.28/JEN/19632015-06-18660_280000000000000_JEN_1963 17 29455.Reading section2015-06-18 Central Library, BUET Reading Item
Central Library, BUET 2015-07-10660.28/JEN/19632015-07-10660_280000000000000_JEN_1963 18 22439Reading section2015-07-10 Central Library, BUET Reading Item